| 000 | 004790000a22001930004500 | ||
|---|---|---|---|
| 001 | 000591 | ||
| 003 | MACL | ||
| 005 | 20151021095710.0 | ||
| 008 | 151021b xxu||||| |||| 00| 0 eng d | ||
| 040 |
_aMACL _cMACL |
||
| 041 | _aEnglish | ||
| 082 | _a954.029/PAU | ||
| 100 |
_aPaul, Jaiwant.E _915993 |
||
| 245 |
_aBaji Rao The Warrior Peshwa _cJaiwant.E Paul |
||
| 260 |
_aNew Delhi _c2000 _bLotus Collection, |
||
| 350 | _a275 | ||
| 650 |
_a History _915994 |
||
| 942 |
_k954 _cBK _2ddc |
||
| 999 |
_c591 _d591 |
||